500-1000 Digits of Pi - Statistics

General Stats
  • This quiz has been taken 1,284 times
  • The average score is 146 of 500
Answer Stats
Answer % Correct
9
98%
8
94%
3
92%
3
90%
6
89%
7
88%
3
86%
3
86%
6
86%
2
83%
4
82%
0
81%
4
81%
6
80%
0
78%
3
78%
4
78%
5
78%
6
78%
6
78%
8
77%
6
74%
0
72%
2
72%
9
72%
9
72%
1
71%
3
71%
4
71%
4
71%
3
70%
6
70%
9
70%
2
69%
5
69%
2
67%
4
67%
7
66%
7
66%
7
66%
9
66%
0
65%
0
65%
1
65%
3
65%
7
65%
1
64%
2
64%
8
64%
9
64%
0
62%
6
62%
3
61%
4
61%
7
61%
7
61%
9
61%
0
60%
0
60%
2
60%
3
60%
5
60%
7
60%
7
60%
7
60%
9
60%
1
59%
1
59%
2
59%
6
59%
7
59%
9
59%
1
58%
2
58%
3
58%
6
58%
7
58%
7
58%
8
58%
8
58%
8
58%
1
57%
2
57%
3
57%
4
57%
4
57%
4
57%
5
57%
6
57%
6
56%
9
56%
0
55%
4
55%
5
55%
6
55%
6
55%
7
55%
1
54%
2
54%
3
54%
0
53%
0
53%
8
53%
0
52%
5
52%
6
52%
2
50%
6
50%
1
49%
1
49%
2
49%
4
49%
5
49%
7
49%
3
48%
5
48%
6
48%
8
48%
0
47%
7
47%
7
47%
7
47%
7
47%
7
47%
7
47%
7
47%
8
47%
1
46%
2
46%
2
46%
3
46%
4
46%
5
46%
5
46%
7
46%
9
46%
9
46%
0
45%
1
45%
1
45%
3
45%
3
45%
6
45%
6
45%
7
45%
7
45%
8
45%
8
45%
8
45%
0
44%
0
44%
1
44%
1
44%
2
44%
2
44%
2
44%
4
44%
4
44%
4
44%
6
44%
7
44%
9
44%
0
41%
3
41%
3
41%
4
41%
4
41%
5
41%
9
41%
1
40%
4
40%
5
40%
6
40%
8
40%
9
40%
1
39%
3
39%
4
39%
5
39%
5
39%
7
39%
7
39%
7
39%
8
39%
8
39%
9
39%
9
39%
9
39%
0
38%
0
38%
2
38%
2
38%
2
38%
5
38%
5
38%
6
38%
9
38%
2
37%
3
37%
5
37%
9
36%
9
36%
0
35%
1
35%
1
35%
1
35%
2
35%
4
35%
5
35%
6
35%
1
34%
2
34%
2
34%
9
34%
0
33%
1
33%
2
33%
9
33%
0
32%
6
32%
8
32%
8
32%
8
32%
9
32%
0
31%
1
31%
1
31%
1
31%
3
31%
4
31%
4
31%
4
31%
5
31%
6
31%
7
30%
7
30%
7
30%
7
30%
9
30%
9
30%
0
29%
0
29%
1
29%
2
29%
3
29%
3
29%
4
29%
6
29%
6
29%
9
29%
7
25%
7
25%
9
25%
9
25%
9
25%
9
25%
9
25%
9
25%
0
24%
1
24%
1
24%
1
24%
2
24%
3
24%
4
24%
5
24%
7
24%
8
24%
8
24%
8
24%
9
24%
2
23%
3
23%
7
23%
0
21%
1
21%
4
21%
5
21%
7
21%
7
21%
9
21%
9
21%
9
21%
0
20%
1
20%
3
20%
5
20%
8
20%
1
19%
2
19%
3
19%
9
19%
0
18%
6
18%
6
18%
8
18%
9
18%
1
17%
3
17%
5
17%
5
16%
0
15%
9
14%
2
13%
4
13%
4
13%
4
13%
5
13%
5
13%
5
13%
9
13%
0
12%
3
12%
4
12%
6
12%
8
12%
0
11%
3
11%
8
11%
0
10%
2
10%
2
10%
2
10%
2
10%
2
10%
3
10%
4
10%
5
10%
5
10%
6
10%
8
10%
3
9%
3
9%
4
9%
4
9%
6
9%
9
8%
0
7%
1
7%
1
7%
1
7%
2
7%
3
7%
3
7%
5
7%
5
7%
6
7%
7
7%
8
7%
8
7%
0
6%
0
6%
0
6%
0
6%
1
6%
1
6%
1
6%
1
6%
3
6%
3
6%
7
6%
7
6%
8
6%
3
5%
7
5%
8
5%
8
5%
8
5%
8
5%
8
5%
0
4%
0
4%
1
4%
1
4%
1
4%
2
4%
2
4%
2
4%
3
4%
3
4%
3
4%
4
4%
5
4%
5
4%
5
4%
6
4%
6
4%
7
4%
7
4%
7
4%
7
4%
8
4%
9
4%
0
3%
1
3%
3
3%
3
3%
4
3%
6
3%
6
3%
7
3%
7
3%
7
3%
7
3%
7
3%
7
3%
7
3%
7
3%
8
3%
8
3%
8
3%
8
3%
8
3%
8
3%
8
3%
8
3%
8
3%
8
3%
8
3%
8
3%
9
3%
9
3%
9
3%
9
3%
9
3%
9
3%
9
3%
9
3%
0
2%
0
2%
0
2%
0
2%
0
2%
0
2%
0
2%
1
2%
1
2%
1
2%
1
2%
1
2%
1
2%
1
2%
1
2%
1
2%
1
2%
1
2%
1
2%
1
2%
2
2%
2
2%
2
2%
2
2%
2
2%
2
2%
2
2%
2
2%
2
2%
2
2%
3
2%
3
2%
3
2%
3
2%
3
2%
3
2%
3
2%
3
2%
4
2%
4
2%
4
2%
4
2%
5
2%
5
2%
5
2%
5
2%
5
2%
5
2%
5
2%
5
2%
5
2%
5
2%
5
2%
5
2%
5
2%
6
2%
6
2%
6
2%
6
2%
6
2%
6
2%
6
2%
6
2%
6
2%
7
2%
7
2%
7
2%
7
2%
8
2%
9
2%
9
2%
9
2%
No matching quizzes found
Score Distribution
Percent of People with Each Score
Percentile by Number Answered
Your Score History
You have not taken this quiz